[Event "SportAccord Blitz w 2014"]
[Site "Beijing CHN"]
[Date "2014.12.13"]
[Round "9.1"]
[White "Zhao, Xue"]
[Black "Paehtz, Elisabeth"]
[Result "0-1"]
[WhiteTitle "GM"]
[BlackTitle "IM"]
[WhiteElo "2514"]
[BlackElo "2485"]
[WhiteFideId "8601283"]
[BlackFideId "4641833"]
[EventDate "2014.12.13"]

1. d4 e6 2. Nf3 c5 3. c4 Nf6 4. d5 exd5 5. cxd5 d6 6. Nc3 g6 7. Nd2 Bg7 8. Nc4
O-O 9. Bf4 Ne8 10. e3 a6 11. a4 Qc7 12. Be2 Nd7 13. Qb3 b6 14. O-O Rb8 15. Rfc1
Bb7 16. Qd1 Bc8 17. h3 b5 18. axb5 axb5 19. Nd2 c4 20. b4 Ne5 21. Bg3 f5 22. Nf3
Nxf3+ 23. Bxf3 Nf6 24. Ra5 Bd7 25. Ne2 Ra8 26. Rca1 Rxa5 27. Rxa5 Rb8 28. Nd4
Ne4 29. Bxe4 fxe4 30. Ne6 Bxe6 31. dxe6 Be5 32. Bxe5 dxe5 33. Qd5 c3 34. Ra1 Rd8
35. Qxe4 c2 36. e7 c1=Q+ 37. Rxc1 Qxc1+ 38. Kh2 Re8 39. Qd5+ Kg7 40. Qxe5+ Kf7
41. Qxb5 Qc7+ 42. g3 Qxe7 43. Qd5+ Qe6 44. Qd4 Rc8 45. Qf4+ Qf5 0-1

[Event "SportAccord Blitz w 2014"]
[Site "Beijing CHN"]
[Date "2014.12.13"]
[Round "9.2"]
[White "Dzagnidze, Nana"]
[Black "Stefanova, Antoaneta"]
[Result "1/2-1/2"]
[WhiteTitle "GM"]
[BlackTitle "GM"]
[WhiteElo "2570"]
[BlackElo "2517"]
[WhiteFideId "13601903"]
[BlackFideId "2902257"]
[EventDate "2014.12.13"]

1. c4 c6 2. d4 d5 3. cxd5 cxd5 4. Nc3 Nf6 5. Nf3 a6 6. Bf4 Nc6 7. Ne5 e6 8. e3
Nxe5 9. Bxe5 Be7 10. Bd3 O-O 11. O-O Bd7 12. Rc1 Rc8 13. Qb3 b5 14. a3 Qa5 15.
Na2 Ne4 16. Bxe4 dxe4 17. Nb4 Qb6 18. h3 Qb7 19. Na2 a5 20. Rxc8 Rxc8 21. Rc1
Rxc1+ 22. Nxc1 Qc6 23. Ne2 b4 24. axb4 axb4 25. Qa2 f6 26. Bg3 g5 27. Qa7 Kf7
28. Kh2 Qa4 29. Qb7 Qb5 30. Qc7 Qc6 31. Qa7 Be8 32. Nc1 Qd7 33. Qb8 Qd5 34. Qa7
h5 35. Na2 h4 36. Bb8 Qb5 37. Bd6 Bd7 38. Bxe7 Kxe7 39. Nc1 Qc6 40. Nb3 Qd6+ 41.
Kg1 e5 42. Nc5 exd4 43. Nxe4 Qe5 44. Qxd4 Qxd4 45. exd4 Bc6 46. Nd2 Kd6 47. Kf1
Bb5+ 48. Ke1 Kd5 49. f3 Kxd4 50. Ne4 Ke5 51. Kf2 Bc6 52. Ke3 Bb5 53. Nf2 Bf1 54.
Ng4+ Ke6 55. Kf2 Bd3 56. Ke3 Bb1 57. Kd4 f5 58. Ne3 f4 59. Nc4 b3 60. Nd2 Bc2
61. Ne4 Kf5 62. Nd6+ Ke6 63. Ne4 Kf5 64. Nc5 Bd1 65. Kd3 Ke5 66. Kd2 Bc2 67. Kc3
Bd1 68. Ne4 Be2 69. Nxg5 Bf1 70. Kd2 Bxg2 71. Ke2 Kf5 72. Kf2 Kxg5 73. Kxg2 Kf5
74. Kf2 Ke5 75. Ke2 Kd4 76. Kd2 Kc4 77. Ke2 1/2-1/2

[Event "SportAccord Blitz w 2014"]
[Site "Beijing CHN"]
[Date "2014.12.13"]
[Round "9.3"]
[White "Muzychuk, Anna"]
[Black "Koneru, Humpy"]
[Result "1/2-1/2"]
[WhiteTitle "GM"]
[BlackTitle "GM"]
[WhiteElo "2545"]
[BlackElo "2581"]
[WhiteFideId "14111330"]
[BlackFideId "5008123"]
[EventDate "2014.12.13"]

1. e4 c5 2. Nc3 a6 3. g3 b5 4. Bg2 Bb7 5. d3 e6 6. f4 d6 7. Nf3 g6 8. O-O Bg7 9.
h3 Ne7 10. a3 Nbc6 11. Be3 O-O 12. Qd2 Rc8 13. Rae1 Nd4 14. Nd1 Qc7 15. c3 Nxf3+
16. Bxf3 f5 17. Bf2 e5 18. Bg2 exf4 19. gxf4 Rce8 20. Ne3 fxe4 21. dxe4 Rxf4 22.
Bg3 Rxf1+ 23. Rxf1 Rd8 24. Ng4 h5 25. Nh6+ Kh7 26. Nf7 Rf8 27. Ng5+ Kg8 28.
Rxf8+ Bxf8 29. Ne6 Qc6 30. Qf2 Bg7 31. Nxg7 Kxg7 32. Bh4 Ng8 33. Qf4 Qd7 34. Bg3
Nf6 35. Bh4 Ng8 36. Bg3 Nf6 37. Bh4 Ng8 38. Bg3 Nf6 39. Bh4 Ng8 1/2-1/2

[Event "SportAccord Blitz w 2014"]
[Site "Beijing CHN"]
[Date "2014.12.13"]
[Round "9.4"]
[White "Kosintseva, Tatiana"]
[Black "Ju, Wenjun"]
[Result "0-1"]
[WhiteTitle "GM"]
[BlackTitle "GM"]
[WhiteElo "2483"]
[BlackElo "2568"]
[WhiteFideId "4133471"]
[BlackFideId "8603006"]
[EventDate "2014.12.13"]

1. e4 c5 2. Nf3 Nc6 3. Bb5 e6 4. O-O Nge7 5. c3 a6 6. Ba4 b5 7. Bc2 Bb7 8. Re1
d5 9. e5 d4 10. Be4 d3 11. b3 Qd7 12. Re3 Nd5 13. Bxd5 Qxd5 14. c4 bxc4 15. Nc3
Qd7 16. bxc4 Be7 17. Ne1 O-O 18. Nxd3 Rad8 19. Ne4 Nb4 20. Nxb4 cxb4 21. Qg4 f5
22. exf6 Bxf6 23. Nxf6+ Rxf6 24. f3 Rg6 25. Qh4 Rf8 26. Kh1 Qc7 27. Bb2 Rh6 28.
Be5 Qxe5 29. Rxe5 Rxh4 30. Rc1 Rd4 31. Rxe6 Rxd2 32. Rb6 Rfd8 33. h3 Ba8 34.
Rxb4 Rxa2 35. c5 Bc6 36. Rb6 Rc8 37. Rd1 Rc2 38. Rxa6 Rxc5 39. Ra7 h6 40. Rd6
Rg5 41. Kh2 Kh7 42. h4 Rg6 43. Rxg6 Kxg6 44. Kg3 Bd5 45. Ra6+ Kh7 46. Rd6 Bf7
47. Rd7 Bg6 48. Re7 Rc2 49. Rd7 Bf5 50. Rd5 Be6 51. Rd6 Bc4 52. Rc6 Bd3 53. Rxc2
Bxc2 54. h5 Bd1 55. Kf4 Kg8 56. g4 Kf7 57. g5 Ke6 58. gxh6 gxh6 59. Ke4 Kf6 60.
Kf4 Ba4 61. Kg4 Be8 62. f4 Bf7 63. Kh4 Kf5 0-1

[Event "SportAccord Blitz w 2014"]
[Site "Beijing CHN"]
[Date "2014.12.13"]
[Round "9.5"]
[White "Harika, Dronavalli"]
[Black "Gunina, Valentina"]
[Result "0-1"]
[WhiteTitle "GM"]
[BlackTitle "GM"]
[WhiteElo "2505"]
[BlackElo "2522"]
[WhiteFideId "5015197"]
[BlackFideId "4167570"]
[EventDate "2014.12.13"]

1. Nf3 d5 2. c4 c6 3. e3 Nf6 4. Nc3 e6 5. b3 Bd6 6. Qc2 Qe7 7. Bb2 O-O 8. Be2 e5
9. cxd5 e4 10. Nd4 cxd5 11. Ncb5 Be5 12. Ba3 Qd8 13. Bxf8 Kxf8 14. Rc1 Na6 15.
f4 exf3 16. Bxf3 Bd7 17. O-O g6 18. Nc3 Nb4 19. Qd1 Bxd4 20. exd4 Qb6 21. Ne2
Nxa2 22. Rc5 Nb4 23. Kh1 Kg7 24. Nf4 Qd6 25. g3 b6 26. Rc1 Bb5 27. Be2 Bd7 28.
Bf3 Bb5 29. d3 Nc6 30. Ne2 Re8 31. Qd2 Qb4 32. Qf4 Re7 33. Nc3 Bxd3 34. Qxf6+
Kxf6 35. Nxd5+ Kg7 36. Nxb4 Nxb4 37. Rfe1 Rd7 38. Rc3 Rxd4 39. Rd1 Rd7 40. Kg1
a5 41. Be2 Bf5 42. Rxd7 Bxd7 43. Rc7 Be6 44. Bc4 Kf6 45. Rb7 Bxc4 46. bxc4 Ke5
47. Rxb6 Kd4 48. Rb5 Kxc4 49. Rxa5 Nc6 50. Ra8 Kd5 51. Re8 h5 52. Kg2 Ne5 53. h3
Kd6 54. Kf2 Nd7 55. Kf3 Nf6 56. Re1 Nd5 57. Ke4 f5+ 58. Kd4 f4 59. Rd1 Ke6 60.
Ke4 Nc3+ 61. Kxf4 Nxd1 62. Kg5 Kf7 63. g4 hxg4 64. Kxg4 Ne3+ 65. Kg5 Nf5 66. h4
Ng7 67. Kh6 Nh5 68. Kg5 Kg7 69. Kg4 Kf6 70. Kh3 Kf5 71. Kg2 Kg4 0-1

[Event "SportAccord Blitz w 2014"]
[Site "Beijing CHN"]
[Date "2014.12.13"]
[Round "9.6"]
[White "Khotenashvili, Bela"]
[Black "Hou, Yifan"]
[Result "0-1"]
[WhiteTitle "GM"]
[BlackTitle "GM"]
[WhiteElo "2504"]
[BlackElo "2673"]
[WhiteFideId "13602640"]
[BlackFideId "8602980"]
[EventDate "2014.12.13"]

1. d4 e6 2. Nf3 Nf6 3. Bf4 b6 4. Nbd2 Bb7 5. e3 Be7 6. c3 Nh5 7. Bg3 h6 8. Bd3
d6 9. Be4 d5 10. Bd3 Nxg3 11. hxg3 a6 12. Qe2 c5 13. e4 cxd4 14. Nxd4 dxe4 15.
Bxe4 Qc8 16. f4 Nd7 17. N2f3 Nc5 18. Bxb7 Qxb7 19. O-O-O Qe4 20. Rhe1 Qxe2 21.
Rxe2 g6 22. Ne5 Rc8 23. g4 b5 24. Kb1 h5 25. f5 hxg4 26. fxe6 fxe6 27. Nxg6 Rg8
28. Nxe7 Kxe7 29. Nf5+ Kf6 30. Nd6 Rc6 31. Rf1+ Ke7 32. Nf5+ Ke8 33. Nd4 Rd6 34.
Re5 Rd5 35. Rxd5 exd5 36. Rf5 Nd3 37. g3 Rf8 38. Rxd5 Rf2 39. b4 Rb2+ 40. Ka1
Rg2 41. a4 bxa4 42. Ra5 Rxg3 43. Rxa4 Rg1+ 44. Ka2 g3 45. Rxa6 g2 46. Rg6 Nf4
47. Rg4 Rf1 48. Ne2 Rf2 49. Kb3 Rxe2 50. b5 Re1 0-1

[Event "SportAccord Blitz w 2014"]
[Site "Beijing CHN"]
[Date "2014.12.13"]
[Round "9.8"]
[White "Muzychuk, Mariya"]
[Black "Ushenina, Anna"]
[Result "0-1"]
[WhiteTitle "IM"]
[BlackTitle "GM"]
[WhiteElo "2529"]
[BlackElo "2494"]
[WhiteFideId "14114550"]
[BlackFideId "14110911"]
[EventDate "2014.12.13"]

1. e4 c5 2. Nf3 d6 3. Bb5+ Nd7 4. d4 cxd4 5. Qxd4 a6 6. Bxd7+ Bxd7 7. c4 e5 8.
Qd3 b5 9. Nc3 bxc4 10. Qxc4 Be6 11. Qd3 h6 12. O-O Nf6 13. h3 Be7 14. Rd1 O-O
15. b3 Qa5 16. Bd2 Qb6 17. Na4 Qb7 18. Nc3 Rac8 19. Rac1 Rfd8 20. Be3 d5 21.
exd5 Nxd5 22. Nxd5 Rxd5 23. Rxc8+ Qxc8 24. Qe2 Rxd1+ 25. Qxd1 Qc3 26. Qe2 Qa5
27. Qb2 e4 28. Nd2 f5 29. Qc2 Qe5 30. Nc4 Qa1+ 31. Kh2 Kh7 32. Bf4 Qe1 33. Qd2
Qxd2 34. Bxd2 g5 35. g3 Bc5 36. Kg2 Kg6 37. Kf1 Bd5 38. Ke2 Kf6 39. Bc3+ Ke6 40.
Ne3 Bc6 41. Bg7 h5 42. Bh6 Be7 43. Bg7 Bb5+ 44. Kd2 f4 45. gxf4 gxf4 46. Nc2 Bf1
47. Nd4+ Kd5 48. Nf5 Bb4+ 49. Kd1 Bxh3 50. Nh4 Bg4+ 51. Kc2 Bc5 52. Bh6 Bxf2 53.
Bxf4 Bxh4 0-1

[Event "SportAccord Blitz w 2014"]
[Site "Beijing CHN"]
[Date "2014.12.13"]
[Round "10.1"]
[White "Paehtz, Elisabeth"]
[Black "Dzagnidze, Nana"]
[Result "0-1"]
[WhiteTitle "IM"]
[BlackTitle "GM"]
[WhiteElo "2485"]
[BlackElo "2570"]
[WhiteFideId "4641833"]
[BlackFideId "13601903"]
[EventDate "2014.12.13"]

1. e4 e6 2. d4 d5 3. Nc3 Bb4 4. Ne2 dxe4 5. a3 Be7 6. Nxe4 Nd7 7. Qd3 Ngf6 8.
N2g3 O-O 9. Be3 b6 10. O-O-O Bb7 11. Ng5 h6 12. h4 c5 13. Nf3 Qc7 14. Kb1 Rfd8
15. Qd2 cxd4 16. Nxd4 Nc5 17. Qe1 Rac8 18. c3 Nce4 19. Nxe4 Bxe4+ 20. Ka1 Nd5
21. Ba6 Nxe3 22. Qxe3 Bb7 23. Bxb7 Qxb7 24. g4 Qd5 25. g5 hxg5 26. hxg5 Bxg5 27.
Qh3 Bh6 28. Rhg1 Kf8 29. Rde1 Rc5 30. Qh4 Rdc8 31. Rg3 Rc4 32. f4 Rxd4 33. cxd4
Qxd4 34. Rg2 Qxf4 35. Qh3 Rc1+ 36. Rxc1 Qxc1+ 37. Ka2 Qc4+ 38. Ka1 Ke7 39. Qf3
Qd5 40. Qg3 Qd1+ 41. Ka2 Qd5+ 42. Ka1 f5 43. Qc7+ Kf6 44. Qc3+ Kf7 45. Qc7+ Kf6
46. Qc3+ Ke7 47. Qc7+ Qd7 48. Qc2 Qd4 49. Qc7+ Kf6 50. Qc2 Be3 51. Qe2 g5 52.
Qh5 g4 53. Qh8+ Kg5 54. Qg8+ Kf4 55. Qxe6 Qe4 56. Qd6+ Qe5 57. Qd3 Qe4 58. Qd6+
Qe5 59. Qd3 Kg5 60. Qd8+ Kf4 61. Qd3 Qd4 62. Qc2 Qe4 63. Qc7+ Qe5 64. Qc4+ Qd4
65. Qc2 Kg5 66. Qe2 Qe4 67. Rh2 Bf4 68. Rg2 Qxe2 69. Rxe2 g3 70. Kb1 Kg4 71. Kc2
Kf3 72. Kd3 g2 73. Re1 Bh2 0-1

[Event "SportAccord Blitz w 2014"]
[Site "Beijing CHN"]
[Date "2014.12.13"]
[Round "10.2"]
[White "Ushenina, Anna"]
[Black "Zhao, Xue"]
[Result "0-1"]
[WhiteTitle "GM"]
[BlackTitle "GM"]
[WhiteElo "2494"]
[BlackElo "2514"]
[WhiteFideId "14110911"]
[BlackFideId "8601283"]
[EventDate "2014.12.13"]

1. d4 Nf6 2. Nf3 e6 3. e3 b6 4. Bd3 Bb7 5. O-O c5 6. b3 cxd4 7. exd4 Be7 8. c4
O-O 9. Be3 d5 10. Nbd2 Nc6 11. a3 Rc8 12. h3 Re8 13. Re1 Bf8 14. b4 dxc4 15.
Nxc4 Nd5 16. Rc1 g6 17. Bg5 Be7 18. Bh6 Bf8 19. Bg5 Be7 20. Bh6 Bf6 21. Be4 Bg7
22. Bg5 Nce7 23. Bh4 Ba6 24. Nce5 Nc3 25. Rxc3 Rxc3 26. Qa4 Qc8 27. b5 Bb7 28.
Qxa7 Bxe4 29. Rxe4 Qc7 30. Qa4 Rc1+ 31. Kh2 f6 32. Qb3 Nd5 33. Bg3 fxe5 34. dxe5
Qc2 35. Qxc2 Rxc2 36. Nd4 Ra2 37. Nc6 Rxa3 38. Rc4 Rb3 39. Ra4 Rxb5 40. Ra7 Rb2
41. Bh4 Bxe5+ 42. Nxe5 Rc2 43. Ng4 Rc7 44. Nf6+ Kf7 45. Rxc7+ Nxc7 46. Nxe8 Kxe8
47. Kg3 Nd5 48. Kf3 Kd7 49. Ke4 b5 50. Kd4 Kc6 51. g3 e5+ 52. Kxe5 Kc5 53. f4 b4
54. g4 b3 55. Bf2+ Kc4 56. Bd4 Nxf4 57. Ba1 Nxh3 58. Kf6 Nf2 59. g5 Ne4+ 60. Kg7
Nxg5 61. Kh6 Ne6 62. Kxh7 g5 63. Kg6 Kd3 64. Kf5 Kc2 65. Kxe6 g4 66. Kf5 g3 67.
Ke4 g2 68. Bd4 b2 69. Kf3 b1=Q 70. Kxg2 Kd3 71. Bf2 Ke2 72. Bg3 Qe4+ 73. Kh2 Kf3
74. Bd6 Qh4+ 75. Kg1 Qf2+ 76. Kh1 Qg2# 0-1

[Event "SportAccord Blitz w 2014"]
[Site "Beijing CHN"]
[Date "2014.12.13"]
[Round "10.4"]
[White "Khotenashvili, Bela"]
[Black "Cramling, Pia"]
[Result "1/2-1/2"]
[WhiteTitle "GM"]
[BlackTitle "GM"]
[WhiteElo "2504"]
[BlackElo "2518"]
[WhiteFideId "13602640"]
[BlackFideId "1700030"]
[EventDate "2014.12.13"]

1. b3 d5 2. Bb2 Bg4 3. h3 Bh5 4. g4 Bg6 5. Nf3 e6 6. d3 Nd7 7. Nbd2 Ngf6 8. Bg2
Be7 9. e3 c6 10. Qe2 a5 11. e4 dxe4 12. dxe4 a4 13. O-O O-O 14. c4 Nc5 15. Ne5
Nfd7 16. Rfd1 axb3 17. Nxb3 Qc7 18. f4 Nxe5 19. Bxe5 Qb6 20. Bd4 e5 21. fxe5 Qb4
22. Bf2 Nxb3 23. axb3 Rxa1 24. Rxa1 Qxb3 25. h4 h6 26. h5 Bh7 27. Rd1 Qb4 28.
Rd7 Bc5 29. Kh1 Bxf2 30. Qxf2 Qb1+ 31. Qg1 Qc2 32. Qe1 Qxc4 33. Rxb7 Qd4 34. Re7
c5 35. Qe2 c4 36. Rc7 c3 37. Qc2 Qxe5 38. Qxc3 Qxc3 39. Rxc3 Re8 40. Rc4 g6 41.
hxg6 Bxg6 42. Kh2 Kg7 43. Kg3 h5 44. gxh5 Bxh5 45. Kf4 Bg6 46. Bh3 Rh8 47. Bf5
Rh1 48. Rc7 Rf1+ 49. Ke5 Re1 50. Rc6 Bxf5 51. Kxf5 Rf1+ 52. Ke5 Re1 53. Kf5 Rf1+
54. Ke5 Re1 1/2-1/2

[Event "SportAccord Blitz w 2014"]
[Site "Beijing CHN"]
[Date "2014.12.13"]
[Round "10.5"]
[White "Hou, Yifan"]
[Black "Gunina, Valentina"]
[Result "1-0"]
[WhiteTitle "GM"]
[BlackTitle "GM"]
[WhiteElo "2673"]
[BlackElo "2522"]
[WhiteFideId "8602980"]
[BlackFideId "4167570"]
[EventDate "2014.12.13"]

1. e4 c6 2. c4 d5 3. exd5 cxd5 4. cxd5 Nf6 5. Nc3 Nxd5 6. Nf3 Nc6 7. Bb5 e6 8.
O-O Nc7 9. Bxc6+ bxc6 10. Qa4 Bd7 11. Ne5 Bd6 12. d4 O-O 13. Ne4 Be7 14. Be3 Nd5
15. Rac1 Be8 16. Nxc6 Qb6 17. Nxe7+ Nxe7 18. Qa3 Nd5 19. Rc5 f5 20. Nc3 f4 21.
Nxd5 exd5 22. Bd2 f3 23. gxf3 Bh5 24. f4 Qe6 25. Qe3 Qf7 26. Qg3 Rfe8 27. Re1
Rxe1+ 28. Bxe1 Re8 29. Bd2 h6 30. f5 Qxf5 31. Rc7 Bg6 32. Be3 Qb1+ 33. Kg2 Qe4+
34. Qf3 Qe6 35. Qf4 Kh7 36. Qxh6+ 1-0

[Event "SportAccord Blitz w 2014"]
[Site "Beijing CHN"]
[Date "2014.12.13"]
[Round "10.6"]
[White "Ju, Wenjun"]
[Black "Harika, Dronavalli"]
[Result "1/2-1/2"]
[WhiteTitle "GM"]
[BlackTitle "GM"]
[WhiteElo "2568"]
[BlackElo "2505"]
[WhiteFideId "8603006"]
[BlackFideId "5015197"]
[EventDate "2014.12.13"]

1. d4 Nf6 2. c4 d6 3. g3 g6 4. Bg2 Bg7 5. Nf3 O-O 6. O-O Nbd7 7. Nc3 e5 8. e4
exd4 9. Nxd4 Nc5 10. h3 Re8 11. Re1 Bd7 12. Bf4 h6 13. g4 Ne6 14. Nxe6 Bxe6 15.
Qd3 h5 16. g5 Nd7 17. b3 Ne5 18. Qe3 f6 19. Rad1 Qe7 20. gxf6 Qxf6 21. Bg5 Nf3+
22. Bxf3 Qxc3 23. Bg2 Qxe3 24. Rxe3 a5 25. e5 dxe5 26. Bxb7 Rab8 27. Bc6 Rf8 28.
Bd5 Bxd5 29. Rxd5 a4 30. Kg2 axb3 31. axb3 Ra8 32. Bh4 Ra2 33. Bg3 Rb2 34. Rd7
Bh6 35. Rxe5 Rxb3 36. Ree7 c5 37. Re6 Bf4 38. Rxg6+ Kh8 39. Bh4 Be5 40. Rh6+ Kg8
41. Rxh5 Bd4 42. Rg5+ Kh8 43. Rh5+ Kg8 44. Rg5+ Kh8 45. Rg6 Rb2 46. Rh6+ Kg8 47.
Rg6+ Kh8 48. Rh6+ Kg8 49. Rg6+ Kh8 50. Rd5 Kh7 51. Rg4 Kh6 52. Bg5+ Kh7 53. Bh4
Kh6 54. Rd6+ Kh7 55. Rd7+ Kh6 56. Bg5+ Kg6 57. Be7+ Kf7 58. Bxf8+ 1/2-1/2

[Event "SportAccord Blitz w 2014"]
[Site "Beijing CHN"]
[Date "2014.12.13"]
[Round "10.7"]
[White "Koneru, Humpy"]
[Black "Kosintseva, Tatiana"]
[Result "1-0"]
[WhiteTitle "GM"]
[BlackTitle "GM"]
[WhiteElo "2581"]
[BlackElo "2483"]
[WhiteFideId "5008123"]
[BlackFideId "4133471"]
[EventDate "2014.12.13"]

1. d4 Nf6 2. c4 e6 3. Nf3 Bb4+ 4. Nbd2 O-O 5. e3 d5 6. b3 c5 7. Bb2 cxd4 8. exd4
Ne4 9. a3 Bxd2+ 10. Nxd2 Nxd2 11. Qxd2 b6 12. Be2 Bb7 13. c5 Ba6 14. O-O Bxe2
15. Qxe2 Nc6 16. b4 a6 17. Bc3 Re8 18. a4 e5 19. dxe5 bxc5 20. bxc5 d4 21. Rfd1
Rxe5 22. Qc4 Qd5 23. Qxd5 Rxd5 24. Rab1 Rad8 25. Bb4 d3 26. Ba3 Rd4 27. Rb6 Rxa4
28. Rxc6 Rxa3 29. Rd6 Rxd6 30. cxd6 Kf8 31. Re1 d2 32. Rd1 Ke8 33. Kf1 Ra2 34.
Ke2 Kd7 35. Rb1 Kxd6 36. Rb7 Ke6 37. Rb6+ Kd5 38. Rb7 a5 39. Rxf7 a4 40. Rxg7 a3
41. Ra7 Kc4 42. f4 Kb3 43. f5 1-0

[Event "SportAccord Blitz w 2014"]
[Site "Beijing CHN"]
[Date "2014.12.13"]
[Round "10.8"]
[White "Stefanova, Antoaneta"]
[Black "Muzychuk, Anna"]
[Result "1-0"]
[WhiteTitle "GM"]
[BlackTitle "GM"]
[WhiteElo "2517"]
[BlackElo "2545"]
[WhiteFideId "2902257"]
[BlackFideId "14111330"]
[EventDate "2014.12.13"]

1. d4 Nf6 2. Nf3 c5 3. e3 d5 4. b3 cxd4 5. exd4 g6 6. Bb5+ Bd7 7. Bd3 Nc6 8. c3
Bg7 9. h3 O-O 10. Nbd2 Qc8 11. O-O Bf5 12. Qe2 Nh5 13. Bxf5 Qxf5 14. Ne1 Nf4 15.
Qf3 e5 16. Nb1 Bh6 17. Bxf4 e4 18. Qg4 Qxg4 19. hxg4 Bxf4 20. Nc2 Rac8 21. Ne3
Ne7 22. Nd1 Rc6 23. Na3 Bd2 24. c4 Rfc8 25. c5 b6 26. Nb5 Ra8 27. cxb6 axb6 28.
a4 Rc2 29. Na3 Rcc8 30. Ra2 Bb4 31. Nb5 Nc6 32. Ne3 Ne7 33. Rc2 Rxc2 34. Nxc2
Bd2 35. Rd1 Bf4 36. g3 Bg5 37. Nb4 Rc8 38. Kg2 Kg7 39. Ra1 h5 40. gxh5 gxh5 41.
Ra2 h4 42. gxh4 Bxh4 43. Rc2 Rxc2 44. Nxc2 Bg5 45. Ne3 f5 46. Nc7 Bxe3 47. fxe3
Kf6 48. b4 f4 49. exf4 Kf5 50. Kg3 Nc6 51. Nxd5 Nxd4 52. Nxb6 e3 53. Nc4 Ke4 54.
a5 e2 55. Kf2 Kd3 56. Nb2+ Kd2 57. Nc4+ Kd1 58. Ne3+ Kd2 59. Ng2 Nc6 60. a6 Kc3
61. b5 Nd4 62. b6 1-0

[Event "SportAccord Blitz w 2014"]
[Site "Beijing CHN"]
[Date "2014.12.14"]
[Round "11.1"]
[White "Cramling, Pia"]
[Black "Hou, Yifan"]
[Result "0-1"]
[WhiteTitle "GM"]
[BlackTitle "GM"]
[WhiteElo "2518"]
[BlackElo "2673"]
[WhiteFideId "1700030"]
[BlackFideId "8602980"]
[EventDate "2014.12.13"]

1. d4 e6 2. Nf3 Nf6 3. e3 c5 4. Bd3 d5 5. c3 Nc6 6. O-O Bd6 7. Nbd2 O-O 8. dxc5
Bxc5 9. Qe2 Be7 10. e4 dxe4 11. Nxe4 Nxe4 12. Bxe4 Qc7 13. Bg5 f6 14. Be3 Bd7
15. Rad1 f5 16. Bc2 e5 17. Bg5 Rae8 18. Rfe1 Kh8 19. Qc4 h6 20. Bxe7 Rxe7 21.
Nxe5 Rxe5 22. Rxe5 Qxe5 23. Rxd7 Qe1+ 24. Qf1 Qe6 25. Rxb7 Qxa2 26. g3 Qe6 27.
Qd1 Rd8 28. Qf3 Rf8 29. Rc7 Ne5 30. Qb7 Ng4 31. Kg2 Qe2 32. Qxa7 Qxc2 33. h3
Qe4+ 34. Kg1 Ra8 0-1

[Event "SportAccord Blitz w 2014"]
[Site "Beijing CHN"]
[Date "2014.12.14"]
[Round "11.2"]
[White "Muzychuk, Mariya"]
[Black "Khotenashvili, Bela"]
[Result "0-1"]
[WhiteTitle "IM"]
[BlackTitle "GM"]
[WhiteElo "2529"]
[BlackElo "2504"]
[WhiteFideId "14114550"]
[BlackFideId "13602640"]
[EventDate "2014.12.13"]

1. e4 g6 2. d4 Bg7 3. Nc3 c5 4. Nf3 Nc6 5. Be3 cxd4 6. Nxd4 Nf6 7. f3 O-O 8. Bc4
Ne5 9. Bb3 a6 10. a4 b6 11. O-O Bb7 12. Qd2 Rc8 13. Qf2 Nc4 14. Bxc4 Rxc4 15.
Nb3 Rb4 16. Rfd1 Qc7 17. Rd2 d6 18. Rad1 Nd7 19. Bd4 Ne5 20. Na2 Rxa4 21. Bxb6
Qc8 22. Nc3 Rb4 23. Na2 Rc4 24. Na5 Ra4 25. Nc3 Rb4 26. Bd4 Qc7 27. Nd5 Bxd5 28.
exd5 Qxa5 29. Bc3 Qb5 30. Bxb4 Qxb4 31. c3 Qb3 32. Ra1 Nc4 33. Re2 Bf6 34. Rxa6
Qd1+ 35. Re1 Qxd5 36. Raa1 Rb8 37. Rad1 Qf5 38. Re2 h5 39. Qa7 Rxb2 40. Rxb2
Nxb2 41. Qb8+ Kg7 42. Qxb2 Qc5+ 43. Kh1 Bxc3 44. Qe2 Bf6 45. Qe4 e6 46. Qd3 d5
47. Qd2 h4 48. Rc1 Qb5 49. Rd1 Qb3 50. Qd3 Qb4 51. Qd2 Qa3 52. Qd3 Qa4 53. Qd2
h3 54. gxh3 Qh4 55. Kg2 d4 56. Qf2 Qg5+ 57. Qg3 Qc5 58. Qf4 Be5 59. Qe4 Qb5 60.
Rd2 Bf6 61. h4 Qh5 62. Kg3 Be5+ 63. Kg2 Bf6 64. Kg3 Qh6 65. Rd3 Qc1 66. Qe2 Qg1+
67. Qg2 Qe1+ 68. Qf2 Bxh4+ 0-1

[Event "SportAccord Blitz w 2014"]
[Site "Beijing CHN"]
[Date "2014.12.14"]
[Round "11.4"]
[White "Dzagnidze, Nana"]
[Black "Ushenina, Anna"]
[Result "1-0"]
[WhiteTitle "GM"]
[BlackTitle "GM"]
[WhiteElo "2570"]
[BlackElo "2494"]
[WhiteFideId "13601903"]
[BlackFideId "14110911"]
[EventDate "2014.12.13"]

1. c4 c6 2. Nf3 d5 3. b3 Nf6 4. Bb2 g6 5. e3 Bg7 6. Be2 O-O 7. O-O a6 8. Nc3
dxc4 9. bxc4 Bf5 10. d3 b5 11. Rc1 Ra7 12. h3 bxc4 13. d4 Bd3 14. Bxd3 cxd3 15.
Na4 Qa5 16. Bc3 Qd5 17. a3 Nbd7 18. Qxd3 c5 19. Rfd1 cxd4 20. Bxd4 Raa8 21. e4
Qb5 22. Nc3 Qxd3 23. Rxd3 Rfc8 24. Rcd1 Bf8 25. e5 Nh5 26. g3 Nc5 27. Re3 Ng7
28. g4 Nge6 29. Bxc5 Rxc5 30. Ne4 Rc2 31. Rb3 Rac8 32. Rd2 Rc1+ 33. Kg2 a5 34.
Kg3 R1c4 35. Re2 Nc5 36. Nxc5 R4xc5 37. Rd3 a4 38. Re4 Rc4 39. Rdd4 Rc3 40. Rxa4
Rb8 41. Rab4 Ra8 42. a4 Ra3 43. Kg2 e6 44. Rbc4 Be7 45. h4 h6 46. h5 Kg7 47.
hxg6 Kxg6 48. Ne1 Rd8 49. Nc2 Ra2 50. Red4 Ra8 51. Re4 Kg5 52. Ne3 Rd8 53. Rc2
Ra3 54. Rc7 Re8 55. Nc2 Ra2 56. Nd4 Bd8 57. Rxf7 Kg6 58. Ra7 Bb6 59. Ra6 Bxd4
60. Rxd4 Rf8 61. Rxe6+ Kg5 62. Rf6 Rxf6 63. exf6 Kxf6 64. Kg3 Ke5 65. Rb4 Kd5
66. Rb6 h5 67. gxh5 Rxa4 68. f4 Ke4 69. Kg4 Ra1 70. Re6+ Kd5 71. Re8 Rg1+ 72.
Kf5 Rh1 73. Rd8+ Kc6 74. Kg6 Kc7 75. Rd2 Rh4 76. f5 Rg4+ 77. Kf7 Rh4 78. f6 Rxh5
79. Kg6 Rh1 80. f7 Rf1 81. Kg7 Kc8 82. f8=Q+ 1-0

[Event "SportAccord Blitz w 2014"]
[Site "Beijing CHN"]
[Date "2014.12.14"]
[Round "11.5"]
[White "Muzychuk, Anna"]
[Black "Paehtz, Elisabeth"]
[Result "1-0"]
[WhiteTitle "GM"]
[BlackTitle "IM"]
[WhiteElo "2545"]
[BlackElo "2485"]
[WhiteFideId "14111330"]
[BlackFideId "4641833"]
[EventDate "2014.12.13"]

1. e4 g6 2. d4 Bg7 3. Nc3 d6 4. f4 Nf6 5. Nf3 O-O 6. e5 dxe5 7. fxe5 Nd5 8. Bc4
Nb6 9. Bb3 Bg4 10. Be3 Nc6 11. O-O Na5 12. h3 Nxb3 13. axb3 Bf5 14. Nh4 Be6 15.
Ne4 c6 16. c4 Qc7 17. Nc5 a6 18. Nxe6 fxe6 19. Qg4 Qd7 20. d5 Nc8 21. Rxf8+ Kxf8
22. Rf1+ Kg8 23. Nxg6 hxg6 24. Qxg6 Nd6 25. exd6 exd5 26. Rf7 1-0